Charakterizácia tokajských vín molekulovou absorpčnou spektrometriou v UV/VIS oblasti
Guardado en:
| Autor principal: | |
|---|---|
| Otros Autores: | |
| Formato: | Manuscrito Libro |
| Lenguaje: | eslovaco |
| Publicado: |
2019
|
| Materias: | |
| Acceso en línea: | http://is.stuba.sk/zp/portal_zp.pl?podrobnosti=146341 |
| Etiquetas: |
Sin Etiquetas, Sea el primero en etiquetar este registro!
|
MARC
| LEADER | 00000ntm a22000003a 4500 | ||
|---|---|---|---|
| 001 | stuzp74214 | ||
| 003 | SK-STU | ||
| 005 | 20190601211112.0 | ||
| 007 | ta | ||
| 008 | 150427s2015----xo-----f-mn---000-0-slo-d | ||
| 040 | |a STU |b slo | ||
| 041 | 0 | |a slo | |
| 100 | 1 | |a Súkeníková, Diana |u 041000 |4 aut |U FCHPT Fakulta chemickej a potravinárskej technológie |T FCHPT Ústav analytickej chémie |X 93895 |U C1000 |Y 99 |7 93895 | |
| 242 | 0 | 1 | |a Characterization of Tokaj Wines Using Molecular Absorption Spectrometry in the Visible and Ultraviolet |y eng |
| 245 | 1 | 0 | |a Charakterizácia tokajských vín molekulovou absorpčnou spektrometriou v UV/VIS oblasti |
| 260 | |c 2019 | ||
| 650 | 4 | |a tokajské víno |2 slo | |
| 650 | 4 | |a chemometria |2 slo | |
| 650 | 4 | |a PCA |2 slo | |
| 650 | 4 | |a LDA |2 slo | |
| 650 | 4 | |a SVM |2 slo | |
| 650 | 4 | |a chemometrics |2 eng | |
| 650 | 4 | |a PCA |2 eng | |
| 650 | 4 | |a LDA |2 eng | |
| 650 | 4 | |a Tokaj wine |2 eng | |
| 650 | 4 | |a SVM |2 eng | |
| 700 | 1 | |a Sádecká, Jana |u 041000 |k Z1 |4 ths |U FCHPT Fakulta chemickej a potravinárskej technológie |T FCHPT Ústav analytickej chémie |X 3383 |U C1000 |Y 99 |7 3383 | |
| 856 | 4 | |u http://is.stuba.sk/zp/portal_zp.pl?podrobnosti=146341 | |